000 00393cam a2200169 4500
001 D12865
008 090401t1891 xxu||||| |||| 00| 0 eng d
035 _a(Sirsi) u6379
041 _aeng
100 _aGribble, Theodore Graham
245 _aPreliminary survey and estimates
260 _bLongmans/Green
_c1891
350 _a0
520 _aShelf 181
942 _n0
948 _c04/03/1997
999 _c86285
_d86285